[Event "Carpuela CupT U20 6th"]
[Site "Carpuela"]
[Date "2015.06.02"]
[Round "2.3"]
[White "Andrango Macas, Antony"]
[Black "Jima, Paul"]
[Result "1-0"]
[WhiteElo "1408"]
[BlackElo "1317"]
[PlyCount "42"]
[EventDate "2015.06.01"]
[EventType "team-swiss"]
[EventRounds "7"]
[EventCountry "ECU"]
[SourceTitle "CBM 166 Extra"]
[Source "ChessBase"]
[SourceDate "2015.06.18"]
[SourceVersion "1"]
[SourceVersionDate "2015.06.18"]
[SourceQuality "1"]
[WhiteTeam "Esmeraldas"]
[BlackTeam "Zamora"]
[WhiteTeamCountry "ECU"]
[BlackTeamCountry "ECU"]

1. d4 d5 2. Nf3 Bf5 3. e3 Nd7 4. c4 e6 5. Qb3 dxc4 6. Qxb7 Bxb1 7. Rxb1 Rb8 8. Qe4 Ngf6 9. Qc2 c5 10. Bxc4 cxd4 11. Nxd4 Bb4+ 12. Bd2 Bxd2+ 13. Qxd2 Ne4 14. Qd3 Qa5+ 15. Ke2 Ndc5 16. Qc2 Na4 17. Rhc1 Nac3+ 18. bxc3 Rxb1 19. Qxb1 Nxc3+ 20. Rxc3 Qxc3 21. Qb8+ Kd7 1-0